عولمة القهر : (Record no. 5485)
[ view plain ]
| 000 -الفاتح | |
|---|---|
| حقل البيانات ثابتة الطول | 01114nam a22002655a 4500 |
| 003 - محدد رقم الضبط | |
| رقم الضبط | OSt |
| 005 - وقت وتاريخ اخر تعامل مع التسجيلة | |
| رقم الضبط | 20171226134500.0 |
| 008 - عناصر البيانات ثابتة الطول - معلومات عامة | |
| حقل البيانات ثابتة الطول | 090119t2005 ua fr 000 0 ara d |
| 017 ## - رقم الإيداع القانونى | |
| رقم الإيداع القانونى | 2002 / 2093 |
| 020 ## - الرقم الدولى المعيارى للكتب | |
| الرقم الدولى المعيارى للكتاب | 9770907928 |
| 040 ## - مصدر الفهرسة | |
| وكالة الفهرسة الأصلية | EG-ScBUE |
| لغة الفهرسة | ara |
| وكالة النسخ | EG-ScBUE |
| وكالة التعديل | EG-ScBUE |
| 043 ## - رمز المنطقة الجغرافية | |
| رمز المنطقة الجغرافية | n-us--- |
| -- | ma----- |
| 082 04 - رقم تصنيف ديوى العشرى | |
| رقم التصنيف | 327.730174927 |
| رقم المادة | أ م ي |
| رقم الطبعة | 22 |
| 100 1# - المدخل الرئيسى - إسم شخصى | |
| الإسم الشخصى | أمين، جلال. |
| 9 (RLIN) | 11509 |
| 245 10 - بيان العنوان | |
| العنوان | عولمة القهر : |
| بقية العنوان | الولايات المتحدة والعرب والمسلمون قبل وبعد أحداث سبتمبر 2001 / |
| بيان المسئوليه,etc | جلال أمين. |
| 250 ## - بيان الطبعة | |
| بيان الطبعة | ط. 2. |
| 260 ## - PUBLICATION, DISTRIBUTION, ETC. (IMPRINT) | |
| مكان الناشر او الموزع | القاهرة : |
| اسم الناشر او الموزع | دار الشروق، |
| تاريخ النشر أو التوزيع | 2005. |
| 300 ## - الوصف المادى | |
| التعداد | 189 ص. ؛ |
| تفاصيل ماديه اخرى للوعاء | 24 سم. |
| 500 ## - تبصرة عامة | |
| تبصرة عامة | الطبعة الأولى صدرت عام 2002. |
| 650 #7 - المدخل الاضافى بالموضوع-مصطلح موضوعى | |
| مصطلح موضوعي أو اسم جغرافي كعنصر مدخل | أحداث 11 سبتمبر، 2001. |
| مصدر الرأس أو المصطلح | BUEsh |
| 651 #7 - المدخل الاضافى بالموضوع - اسم جغرافى | |
| الاسم الجغرافي | الولايات المتحدة الأمريكية |
| التقسيم الفرعي العام | علاقات خارجية |
| التقسيم الفرعي الجغرافي | البلاد العربية. |
| مصدر الرأس أو المصطلح | BUEsh |
| 651 #7 - المدخل الاضافى بالموضوع - اسم جغرافى | |
| الاسم الجغرافي | البلاد العربية |
| التقسيم الفرعي العام | علاقات خارجية |
| التقسيم الفرعي الجغرافي | الولايات المتحدة الأمريكية. |
| مصدر الرأس أو المصطلح | BUEsh |
| 653 ## - مصطلح تكشيفى غير مقيد | |
| Resource For college | BAEPS, Political Science |
| Arrived date list | December2017 |
| 942 ## - عناصر المدخل الإضافي( كوها) | |
| مصدر التصنيف او مخطط الترفيف | Dewey Decimal Classification |
| حالة التراجع | حالة الفقد | مصدر التصنيف او خطة الترفيف | حالة تلف | ليس للاعارة | مجموعات كوها | المكان الدائم | المكان الحالي | موقع الترفيف | تاريخ الاكتساب | Source of acquisition | رقم الاستدعاء | الباركود | Date last seen | مُعار | نوع الوعاء |
|---|---|---|---|---|---|---|---|---|---|---|---|---|---|---|---|
| Dewey Decimal Classification | Dar Al shrok | Central Library | Central Library | First floor | 30/10/2007 | Purchase | 327.730174927 أ م ي | 000006881 | 15/07/2025 | 01/09/2015 | Book - Borrowing |